000 00284nam a22001097a 4500
008 170111b xxu||||| |||| 00| 0 eng d
020 _a9780763734787
041 _aeng
080 _26TH
_a618.2
245 _aBASIC STEPS PLANNING NURSING RESEARCH
_cWOOD, M.J & KERR, J.C
942 _2udc
_cBK
999 _c2704
_d2704